Ivy League School States in 30 Seconds - Statistics

General Stats
  • This quiz has been taken 53 times
  • The average score is 6 of 8
Answer Stats
School State % Correct
University of Pennsylvania Pennsylvania
95%
Columbia University New York
90%
Harvard University Massachusetts
82%
Princeton University New Jersey
77%
Yale University Connecticut
74%
Cornell University New York
69%
Dartmouth College New Hampshire
62%
Brown University Rhode Island
59%
No matching quizzes found
Score Distribution
Percent of People with Each Score
Percentile by Number Answered
Your Score History
You have not taken this quiz